Tamil separatist movement in Sri Lanka and the LTTE / (Record no. 41993)

MARC details
000 -LEADER
fixed length control field 00894nam a22002297a 4500
005 - DATE AND TIME OF LATEST TRANSACTION
control field 2010081401521.0
010 ## - LCCN (DPL NO)
LC control number ENG-100550
020 ## - INTERNATIONAL STANDARD BOOK NUMBER
International Standard Book Number 9788190951869
Terms of availability 250.00
035 ## - SYSTEM CONTROL NUMBER
System control number EN-84083
037 ## - SOURCE OF ACQUISITION
Source of stock number/acquisition DBAD/PUB
082 ## - DEWEY DECIMAL CLASSIFICATION NUMBER
Classification number 954.93004494811
100 ## - MAIN ENTRY--PERSONAL NAME
Personal name Manish Kumar Singh
245 ## - TITLE STATEMENT
Title Tamil separatist movement in Sri Lanka and the LTTE /
Remainder of title by Manish Kumar Singh
260 ## - PUBLICATION, DISTRIBUTION, ETC. (IMPRINT)
Place of publication, distribution, etc Patna
Name of publisher, distributor, etc Jagriti Publication
Date of publication, distribution, etc 2010
270 ## - ADDRESS
Address Maitri Shanti Bhavwan B.M Dass Road,
City Patna
300 ## - PHYSICAL DESCRIPTION
Extent 126p.
Dimensions 22cm (Hb)
650 ## - SUBJECT ADDED ENTRY--TOPICAL TERM
Topical term or geographic name as entry element International Relation
650 ## - SUBJECT ADDED ENTRY--TOPICAL TERM
Topical term or geographic name as entry element Political Science
Geographic subdivision Sri Lanka
650 ## - SUBJECT ADDED ENTRY--TOPICAL TERM
Topical term or geographic name as entry element Tamil (India people) Poltics and government
942 ## - ADDED ENTRY ELEMENTS (KOHA)
Source of classification or shelving scheme Dewey Decimal Classification
Item type English Books
Classification part 954.93004494811
Call number suffix MAN
Holdings
Withdrawn status Lost status Not for loan Collection code Home library Current library Date acquired Source of acquisition Cost, normal purchase price Full call number Barcode Copy number Cost, replacement price Koha item type
    Not For Loan Non-fiction D.B.Act.Division D.B.Act.Division 14/08/2010 DBAD/PUB 250.00 954.93004494811 MAN EN-84083 1 250.00 English Books

© Delhi Public Library
Hit Counter
free hit counter